Small savings might well amount to a big saving (Record no. 76770)
[ view plain ]
| 000 -LEADER | |
|---|---|
| fixed length control field | 01049cab a2200169 4500 |
| 001 - CONTROL NUMBER | |
| control field | ##L133049 |
| 008 - FIXED-LENGTH DATA ELEMENTS--GENERAL INFORMATION | |
| fixed length control field | 060405n 000 0 eng u |
| 035 ## - SYSTEM CONTROL NUMBER | |
| System control number | (Sirsi) u133049 |
| 041 0# - LANGUAGE CODE | |
| Language code of text/sound track or separate title | eng |
| 100 1# - MAIN ENTRY--PERSONAL NAME | |
| Personal name | Williamson, Hazel |
| 245 00 - TITLE STATEMENT | |
| Title | Small savings might well amount to a big saving |
| 490 #0 - SERIES STATEMENT | |
| Series statement | Estates Gazette |
| Volume/sequential designation | (0613) 1 April 2006, 135(1) |
| 520 ## - SUMMARY, ETC. | |
| Summary, etc. | Advises checking commercial service charges against the lease to ensure that tenants are not overpaying. Some items might be challengeable. Unlike residential property there is no statutory regulation of commercial service charges and there is only a weak general presumption by the courts that a commercial service charge must be reasonable. The commercial tenant's obligations are governed entirely by the terms of the lease. Small savings against each demand could however amount to a worthwhile sum over the years. |
| 590 ## - LOCAL NOTE (RLIN) | |
| Local note | IKA110406 |
| 690 ## - LOCAL SUBJECT ADDED ENTRY--TOPICAL TERM (OCLC, RLIN) | |
| Topical term or geographic name as entry element | PROPERTY-COMMERCIAL PROPERTY-LEASEHOLD COMMERCIAL PROPERTY-COMMERCIAL LANDLORD AND TENANT-COMMERCIAL SERVICE CHARGES |
| 942 ## - ADDED ENTRY ELEMENTS (KOHA) | |
| Suppress in OPAC | 0 |
| Withdrawn status | Lost status | Source of classification or shelving scheme | Damaged status | Not for loan | Home library | Current library | Shelving location | Date acquired | Total Checkouts | Full call number | Barcode | Date last seen | Copy number | Price effective from | Koha item type |
|---|---|---|---|---|---|---|---|---|---|---|---|---|---|---|---|
| Dewey Decimal Classification | London | London | Journal article | 05/04/2006 | L133049 | 133049-1001 | 06/08/2019 | 1 | 06/08/2019 | Journal article |